000 00648nam a22002177a 4500
005 20251108164927.0
008 250721s2001 xx 000 0 ara d
082 1 4 _a658/شام
100 1 _aالشامي، لبنان
245 1 0 _aالإدارة :
_bالمبادىء الأساسية /
264 1 _aاربد :
_bالمركز القومي للنشر،
_c2001.
300 _a415ص.
650 1 7 _aالإدارة
650 1 7 _aالإتصالات
650 1 7 _aإدارة الأعمال
650 1 7 _aالتخطيط
650 1 7 _aالقرارات الإدارية
700 1 _aنينو، ماركو
942 _2ddc
_cBK
999 _c17620
_d17620